[Event "SVM_Verbandsliga_Nord_2023-24"]
[Site "?"]
[Date "2024.02.04"]
[Round "6.3"]
[White "Sockel, Karl-Heinz"]
[Black "Schmitz, Andreas Arnold"]
[Result "0-1"]
[WhiteElo "1830"]
[BlackElo "1989"]
[PlyCount "78"]
[EventDate "2024.02.04"]
[SourceDate "2024.02.04"]
[WhiteTeam "Bayer Leverkusen 2"]
[BlackTeam "SV Springer Hitdorf 1"]

1. d4 d5 2. Nf3 Nf6 3. e3 Bg4 4. h3 Bh5 5. g4 Bg6 6. Ne5 Nbd7 7. h4 h6 8. Nxg6
fxg6 9. Bd3 Kf7 10. c4 e5 11. cxd5 e4 12. Be2 Nb6 13. Nc3 Nbxd5 14. Qb3 Bb4 15.
Bd2 a5 16. Nxd5 Nxd5 17. Bc4 c6 18. Bxb4 axb4 19. Qxb4 b5 20. Bb3 Re8 21. Rc1
Re6 22. Qd2 Kg8 23. Rc5 Kh8 24. a3 Qd7 25. Qc2 Rf8 26. g5 h5 27. Bxd5 cxd5 28.
Qb3 Rc8 29. Rxd5 Qf7 30. O-O Rd6 31. Rxb5 Qf3 32. Qd1 Qh3 33. Qe2 Rdc6 34. Rd1
Rc2 35. Qf1 Qg4+ 36. Kh1 {(=)} Qxh4+ 37. Kg1 Qg4+ 38. Kh1 Qf3+ 39. Kg1 Rf8 0-1

[Event "SVM_Verbandsliga_Nord_2023-24"]
[Site "?"]
[Date "2024.02.04"]
[Round "6.5"]
[White "Hapka, Luca"]
[Black "Pyrowicz, Jacek"]
[Result "0-1"]
[WhiteElo "1457"]
[BlackElo "1830"]
[PlyCount "82"]
[EventDate "2024.02.04"]
[SourceDate "2024.02.04"]
[WhiteTeam "Bayer Leverkusen 2"]
[BlackTeam "SV Springer Hitdorf 1"]

1. e4 c5 2. Nf3 d6 3. d4 cxd4 4. Nxd4 a6 5. Nc3 Nf6 6. Bg5 e5 7. Nb3 Be7 8. Be2
O-O 9. Qd2 Nbd7 10. O-O-O b5 11. Kb1 Bb7 12. Bxf6 Nxf6 13. f3 Qc7 14. g4 Rfc8
15. Na1 b4 16. Nd5 Bxd5 17. exd5 Qb6 18. h4 Rc5 19. Qe3 Qb7 20. g5 Nh5 21. f4
Nxf4 22. Bf3 Rac8 23. Rh2 Qc7 24. Rhd2 a5 25. Bg4 Rb8 26. Nb3 Rc4 27. Rg1 a4
28. Na1 Rb5 29. Be2 Nxe2 30. Qxe2 Rcc5 31. Qf3 Rc4 32. Qe2 Rb8 33. Qf2 Rf4 34.
Qh2 Qc4 35. h5 Bxg5 36. Rdd1 h6 37. Qh3 Rd4 38. Rdf1 Qxd5 39. Qd7 f6 40. Qxa4
b3 41. Qa7 bxc2+ 0-1

[Event "SVM_Verbandsliga_Nord_2023-24"]
[Site "?"]
[Date "2024.02.04"]
[Round "6.7"]
[White "Eßer, Daniel"]
[Black "Kocur, Beata"]
[Result "1/2-1/2"]
[WhiteElo "1247"]
[BlackElo "1792"]
[PlyCount "66"]
[EventDate "2024.02.04"]
[SourceDate "2024.02.04"]
[WhiteTeam "Bayer Leverkusen 2"]
[BlackTeam "SV Springer Hitdorf 1"]

1. e4 c5 2. c3 e6 3. d4 Nf6 4. Bg5 Be7 5. Bxf6 Bxf6 6. e5 Be7 7. Nf3 d6 8. dxc5
dxc5 9. Qxd8+ Bxd8 10. Bb5+ Ke7 11. O-O a6 12. Ba4 b5 13. Bc2 Bb7 14. Nbd2 Nd7
15. Rfe1 Bc7 16. Be4 Bxe4 17. Rxe4 Rac8 18. c4 Ba5 19. a4 b4 20. b3 Rcd8 21.
Re3 Bc7 22. Ne4 h6 23. Kf1 Rc8 24. Ng3 Rhd8 25. Rd1 Nb8 26. Red3 Rxd3 27. Rxd3
Nc6 28. Re3 Rd8 29. Ke2 Na5 30. Ne4 Bb6 31. Nfd2 Nc6 32. Nf3 Na5 33. Ned2 Nc6 {
(=)} 1/2-1/2

[Event "SVM_Verbandsliga_Nord_2023-24"]
[Site "?"]
[Date "2024.02.04"]
[Round "6.8"]
[White "van de Linde, Holger"]
[Black "Danisch, Sidney"]
[Result "1-0"]
[WhiteElo "1643"]
[BlackElo "1116"]
[PlyCount "105"]
[EventDate "2024.02.04"]
[SourceDate "2024.02.04"]
[WhiteTeam "SV Springer Hitdorf 1"]
[BlackTeam "Bayer Leverkusen 2"]

1. e4 c5 2. Nf3 d6 3. Bc4 Nc6 4. Ng5 e6 5. d3 Be7 6. Nf3 Nf6 7. h3 a6 8. a4 O-O
9. O-O Nd4 10. Nxd4 cxd4 11. Nd2 Bd7 12. Nf3 e5 13. Ne1 b5 14. axb5 axb5 15.
Rxa8 Qxa8 16. Bb3 d5 17. exd5 Nxd5 18. Nf3 Bd6 19. Bd2 Kh8 20. Re1 f6 21. Nh4
Ne7 22. f4 Nf5 23. Nxf5 Bxf5 24. fxe5 fxe5 25. Rf1 Rf6 26. Bg5 Rf8 27. Qh5 Bg6
28. Rxf8+ Qxf8 29. Qg4 Qf5 30. Qg3 h6 31. Bd2 Qf6 32. Qg4 Qf5 33. Qh4 Qf8 34.
Bd5 Kh7 35. g4 Be7 36. g5 Bf5 37. Be4 Bxe4 38. Qxe4+ g6 39. gxh6 Qf6 40. Qd5 b4
41. h4 Bf8 42. Bg5 Qf5 43. Qb7+ Kh8 44. Qb8 Qg4+ {(=)} 45. Kf2 Qf5+ 46. Ke1 Kg8
47. Qb7 Kh8 48. Qc6 Kh7 49. b3 Kg8 50. Qe8 Kh7 51. Qb8 Bxh6 52. Bxh6 Kxh6 53.
Qh8# 1-0

[Event "SVM_Verbandsliga_Nord_2023-24"]
[Site "?"]
[Date "2024.02.04"]
[Round "6.1"]
[White "Rau, Nikita"]
[Black "Kersten, Alexander"]
[Result "1-0"]
[WhiteElo "2089"]
[BlackElo "1929"]
[PlyCount "105"]
[EventDate "2024.02.04"]
[SourceDate "2024.02.04"]
[WhiteTeam "Godesberger SK 4"]
[BlackTeam "BSG Rheinpark 1"]

1. e4 g6 2. Nf3 Bg7 3. g3 d6 4. Bg2 e5 5. O-O Nc6 6. c3 Nf6 7. d4 O-O 8. Nbd2
a5 9. Nc4 Re8 10. dxe5 Nxe4 11. exd6 cxd6 12. Be3 Be6 13. Nb6 Ra6 14. Nd5 a4
15. a3 Na5 16. Nb4 Ra8 17. Nd4 Bc4 18. Re1 Qd7 19. Qf3 d5 20. h4 h5 21. Rad1
Nb3 22. Ne2 Rad8 23. Nf4 Nf6 24. Nbxd5 Qf5 25. Ne7+ Rxe7 26. Rxd8+ Bf8 27. Bf1
Na5 28. Red1 Bxf1 29. Kxf1 Nc4 30. Bc1 Ne5 31. Qg2 Neg4 32. Nd5 Nxd5 33. R8xd5
Qe6 34. Kg1 Bg7 35. Bg5 Rc7 36. Rd8+ Kh7 37. Qd5 Qe2 38. Qd2 Qb5 39. Rd7 Rxd7
40. Qxd7 Qb3 41. Rd2 Ne5 42. Qd5 f6 43. Bf4 Nc4 44. Rd4 b5 45. Qb7 Nxb2 46. Rd7
Qg8 47. Qxb5 Nc4 48. Qc5 Qe6 49. Re7 Qg8 50. Rc7 Nb2 51. Qe3 Nc4 52. Qc1 Kh8
53. Bh6 1-0

[Event "SVM_Verbandsliga_Nord_2023-24"]
[Site "?"]
[Date "2024.02.04"]
[Round "6.2"]
[White "Marcks, Martin"]
[Black "Schumacher, Markus"]
[Result "0-1"]
[WhiteElo "1979"]
[BlackElo "1867"]
[PlyCount "122"]
[EventDate "2024.02.04"]
[SourceDate "2024.02.04"]
[WhiteTeam "BSG Rheinpark 1"]
[BlackTeam "Godesberger SK 4"]

1. Nf3 Nf6 2. c4 c5 3. g3 Nc6 4. Bg2 e6 5. O-O Be7 6. d4 cxd4 7. Nxd4 a6 8. b3
O-O 9. Bb2 Qc7 10. Nd2 Rb8 11. Rc1 d6 12. e4 Nb4 13. Ra1 Bd7 14. Qe2 Nc6 15.
Rac1 Nxd4 16. Bxd4 Bc6 17. Rfd1 Qa5 18. Nf1 Qh5 19. f3 Rfd8 20. Bb6 Rdc8 21. g4
Qg6 22. Ng3 h5 23. h3 hxg4 24. hxg4 Nd7 25. Bd4 b5 26. Nh5 Nf6 27. Nf4 Qh7 28.
Ba7 Ra8 29. Be3 bxc4 30. bxc4 e5 31. Nd3 Nd7 32. Nb4 Nc5 33. Nd5 Bxd5 34. cxd5
Qg6 35. Qd2 Rd8 36. Rb1 Rac8 37. Bf1 a5 38. Qxa5 Bg5 39. Qd2 Bxe3+ 40. Qxe3 Ra8
41. Rd2 Qf6 42. Rb6 Qe7 43. g5 Qa7 44. Rb1 Qa3 45. Qf2 Rdb8 46. Re1 Rb4 47. g6
Ra7 48. Qh4 Ra8 49. Qh7+ Kf8 50. Qh8+ Ke7 51. Qxg7 Qxf3 52. Rf2 Qg3+ 53. Bg2
Qxg6 54. Qxg6 fxg6 55. Ref1 Rh8 56. Rf7+ Kd8 57. R7f6 Ke7 58. Rxg6 Rh7 59. Rg4
Nd3 60. Rd1 Nf4 61. Rc1 Ne2+ 0-1

[Event "SVM_Verbandsliga_Nord_2023-24"]
[Site "?"]
[Date "2024.02.04"]
[Round "6.3"]
[White "Müller, Peter"]
[Black "Lattermann, Stefan"]
[Result "0-1"]
[WhiteElo "1845"]
[BlackElo "1968"]
[PlyCount "30"]
[EventDate "2024.02.04"]
[SourceDate "2024.02.04"]
[WhiteTeam "Godesberger SK 4"]
[BlackTeam "BSG Rheinpark 1"]

1. Nf3 d5 2. e3 Nf6 3. c4 e6 4. Nc3 c5 5. cxd5 exd5 6. Bb5+ Bd7 7. Bxd7+ Qxd7
8. d4 Nc6 9. O-O Be7 10. b3 O-O 11. Bb2 Rad8 12. Rc1 Ne4 13. dxc5 Nxc5 14. Nb5
Nb4 15. Qd4 Ne6 0-1

[Event "SVM_Verbandsliga_Nord_2023-24"]
[Site "?"]
[Date "2024.02.04"]
[Round "6.4"]
[White "Dizdarevic, Alen"]
[Black "Maurer, Ralf"]
[Result "1/2-1/2"]
[WhiteElo "1771"]
[BlackElo "1803"]
[PlyCount "75"]
[EventDate "2024.02.04"]
[SourceDate "2024.02.04"]
[WhiteTeam "BSG Rheinpark 1"]
[BlackTeam "Godesberger SK 4"]

1. d4 d5 2. Nf3 e6 3. e3 Nf6 4. Bd3 c5 5. b3 Nc6 6. O-O b6 7. Bb2 Be7 8. a3 O-O
9. Nbd2 Bb7 10. Rc1 cxd4 11. exd4 Rc8 12. Re1 Re8 13. Ne5 Nxe5 14. dxe5 Nd7 15.
Re3 g6 16. b4 a5 17. c3 Bg5 18. Re1 Bf4 19. Nf3 Bxc1 20. Qxc1 Qe7 21. Qh6 Qf8
22. Qh4 f5 23. exf6 Qxf6 24. Ng5 Nf8 25. Re3 e5 26. Rf3 Qc6 27. b5 Qd6 28. Nf7
Qe7 29. Nh6+ Kg7 30. Rf7+ Qxf7 31. Nxf7 Kxf7 32. Qg3 Nd7 33. h3 Nc5 34. Bc2 Nd7
35. Bb3 Nc5 36. Bc2 Nd7 37. Bb3 Nc5 38. Bc2 1/2-1/2

[Event "SVM_Verbandsliga_Nord_2023-24"]
[Site "?"]
[Date "2024.02.04"]
[Round "6.5"]
[White "Albert, Markus"]
[Black "Greb, Michael"]
[Result "1-0"]
[WhiteElo "1787"]
[BlackElo "1702"]
[PlyCount "49"]
[EventDate "2024.02.04"]
[SourceDate "2024.02.04"]
[WhiteTeam "Godesberger SK 4"]
[BlackTeam "BSG Rheinpark 1"]

1. e4 c5 2. Nf3 Nc6 3. d4 cxd4 4. Nxd4 e6 5. Nc3 Bb4 6. Ndb5 a6 7. Nd6+ Bxd6 8.
Qxd6 Nge7 9. Be3 O-O 10. Bd3 Ng6 11. O-O-O Nge5 12. Bc5 Nxd3+ 13. Rxd3 Qg5+ 14.
f4 Qd8 15. Qxf8+ Qxf8 16. Bxf8 Kxf8 17. e5 b5 18. a3 Ke7 19. Rhd1 f5 20. exf6+
gxf6 21. Rh3 f5 22. Rxh7+ Kd8 23. h4 Ne7 24. h5 Nd5 25. Nxd5 1-0

[Event "SVM_Verbandsliga_Nord_2023-24"]
[Site "?"]
[Date "2024.02.04"]
[Round "6.6"]
[White "Magg, Stefan"]
[Black "Henn, Peter"]
[Result "0-1"]
[WhiteElo "1694"]
[BlackElo "1754"]
[PlyCount "56"]
[EventDate "2024.02.04"]
[SourceDate "2024.02.04"]
[WhiteTeam "BSG Rheinpark 1"]
[BlackTeam "Godesberger SK 4"]

1. e4 e6 2. d4 d5 3. e5 c5 4. c3 Nc6 5. Bb5 Qb6 6. Bxc6+ bxc6 7. Ne2 a5 8. O-O
Ba6 9. Re1 h5 10. b3 cxd4 11. cxd4 Bb4 12. Nbc3 Bxe2 13. Nxe2 Bxe1 14. Qxe1 c5
15. dxc5 Qxc5 16. Be3 Qc7 17. f4 Ne7 18. Rc1 Qb7 19. Nd4 O-O (19... Rf8) 20.
Qe2 g6 21. h3 Rfc8 22. Rxc8+ Rxc8 23. g4 hxg4 24. hxg4 Qc7 25. a4 Qc3 26. Kf2
Nc6 27. Nxc6 Rxc6 28. Qa2 Qd3 0-1

[Event "SVM_Verbandsliga_Nord_2023-24"]
[Site "?"]
[Date "2024.02.04"]
[Round "6.7"]
[White "Große-Gehling, Thomas"]
[Black "Weiland, Herbert"]
[Result "0-1"]
[WhiteElo "1663"]
[BlackElo "1692"]
[PlyCount "52"]
[EventDate "2024.02.04"]
[SourceDate "2024.02.04"]
[WhiteTeam "Godesberger SK 4"]
[BlackTeam "BSG Rheinpark 1"]

1. e4 c6 2. d4 d5 3. Nc3 dxe4 4. Nxe4 Nd7 5. Nf3 Ngf6 6. Ng3 e6 7. Bd3 Be7 8.
O-O O-O 9. Re1 c5 10. c3 b6 11. Qc2 Bb7 12. Ne4 Nxe4 13. Bxe4 Bxe4 14. Rxe4 Nf6
15. Rh4 Rc8 16. Bg5 g6 17. Rd1 Nd5 18. Qc1 cxd4 19. Rdxd4 Qc7 20. Bxe7 Qxe7 21.
Ng5 Nf6 22. Rh3 Rfd8 23. Rdh4 h5 24. g4 Nxg4 25. f3 Qc5+ 26. Kh1 Rd1+ 0-1

[Event "SVM_Verbandsliga_Nord_2023-24"]
[Site "?"]
[Date "2024.02.04"]
[Round "6.8"]
[White "Rosen, Daniel"]
[Black "Fehlau, Klaus"]
[Result "1/2-1/2"]
[WhiteElo "1681"]
[BlackElo "1581"]
[PlyCount "59"]
[EventDate "2024.02.04"]
[SourceDate "2024.02.04"]
[WhiteTeam "BSG Rheinpark 1"]
[BlackTeam "Godesberger SK 4"]

1. Nf3 Nf6 2. d3 d5 3. g3 g6 4. Bg2 Bg7 5. O-O O-O 6. Nbd2 c5 7. Re1 Nc6 8. e4
dxe4 9. dxe4 b6 10. c3 Bb7 11. Qc2 Qc7 12. Nc4 e5 13. Bg5 h6 14. Bxf6 Bxf6 15.
Rad1 Rad8 16. Rxd8 Rxd8 17. Ne3 Ne7 18. Rd1 Rxd1+ 19. Nxd1 Qc6 20. Ne1 Qe6 21.
b3 Nc8 22. Ne3 Ne7 23. Qd3 Kg7 24. N1c2 Bc6 25. Na3 Qd7 26. Qxd7 Bxd7 27. Nac4
Nc8 28. Nd5 b5 29. Nce3 Bd8 30. Bf3 1/2-1/2

[Event "SVM_Verbandsliga_Nord_2023-24"]
[Site "?"]
[Date "2024.02.04"]
[Round "6.1"]
[White "Wieferig, Wolfgang"]
[Black "Loeschcke, Christian"]
[Result "1-0"]
[WhiteElo "2141"]
[BlackElo "1928"]
[PlyCount "81"]
[EventDate "2024.02.04"]
[SourceDate "2024.02.04"]
[WhiteTeam "Schachuzipus 1"]
[BlackTeam "Lasker Köln 3"]

1. d4 Nf6 2. Nf3 g6 3. c4 Bg7 4. Nc3 O-O 5. e4 d6 6. Be2 e5 7. Bg5 h6 8. Bh4 g5
9. dxe5 gxh4 10. exf6 Qxf6 11. Qd2 Na6 12. Nd5 Qd8 13. Qf4 f5 14. O-O-O c6 15.
Ne3 fxe4 16. Qxe4 Qf6 17. Rd2 Nb4 18. Kb1 h3 19. a3 d5 20. Qh4 hxg2 21. Rg1
Qxh4 22. Nxh4 d4 23. Ng4 Na6 24. Rxg2 Bxg4 25. Bxg4 Nc5 26. Nf5 Rad8 27. Nxg7
Ne4 28. Re2 d3 29. Rxe4 Kxg7 30. Re7+ Kf6 31. Rxb7 d2 32. Bd1 Rfe8 33. f3 Re1
34. Kc2 Ke5 35. Rxd2 Rxd2+ 36. Kxd2 Rh1 37. Rxa7 Rxh2+ 38. Kc3 Kf4 39. Rc7 Rh1
40. Rxc6 Rxd1 41. Rxh6 1-0

[Event "SVM_Verbandsliga_Nord_2023-24"]
[Site "?"]
[Date "2024.02.04"]
[Round "6.2"]
[White "Pericic, Boris"]
[Black "Schläfer, Roland"]
[Result "0-1"]
[WhiteElo "1821"]
[BlackElo "1950"]
[PlyCount "106"]
[EventDate "2024.02.04"]
[SourceDate "2024.02.04"]
[WhiteTeam "Lasker Köln 3"]
[BlackTeam "Schachuzipus 1"]

1. e4 c5 2. Nf3 Nc6 3. d4 cxd4 4. Nxd4 g6 5. Nc3 Bg7 6. Be3 Nf6 7. Bc4 O-O 8.
Bb3 Ng4 9. Qxg4 Nxd4 10. Qg3 Nxb3 11. axb3 b6 12. O-O Bb7 13. f3 d6 14. Qf2 Qd7
15. Rfd1 Rfc8 16. Rd3 Bc6 17. h4 Qb7 18. h5 Rab8 19. h6 Bf8 20. Nd5 f6 21. c4
Kf7 22. Qh4 Bxd5 23. exd5 Qd7 24. g4 Rb7 25. f4 b5 26. f5 bxc4 27. fxg6+ hxg6
28. h7 Bg7 29. bxc4 Rxc4 30. Bd4 Rc8 31. Rc3 Rxc3 32. bxc3 Bh8 33. Rf1 Rb8 34.
g5 f5 35. Re1 Qb5 36. Qh1 Qd3 37. Bxh8 Qg3+ 38. Kf1 Qxe1+ 39. Kxe1 Rb1+ 40. Ke2
Rxh1 41. Bd4 Rxh7 42. Bxa7 e5 43. dxe6+ Kxe6 44. Bd4 Kd5 45. Kd3 Rh3+ 46. Kd2
Kc4 47. Bf6 Rh2+ 48. Ke3 Rc2 49. Kf4 Rxc3 50. Bd4 Kd3 51. Bb6 Rc4+ 52. Kf3 Re4
53. Bc7 d5 0-1

[Event "SVM_Verbandsliga_Nord_2023-24"]
[Site "?"]
[Date "2024.02.04"]
[Round "6.3"]
[White "Wippich, Jürgen"]
[Black "Hüllen, Rene"]
[Result "0-1"]
[WhiteElo "1710"]
[BlackElo "1981"]
[PlyCount "78"]
[EventDate "2024.02.04"]
[SourceDate "2024.02.04"]
[WhiteTeam "Schachuzipus 1"]
[BlackTeam "Lasker Köln 3"]

1. e4 c5 2. Nc3 a6 3. f4 e6 4. Nf3 b5 5. d3 Bb7 6. g3 d5 7. e5 g6 8. Bg2 h5 9.
O-O Nh6 10. Qe1 Nd7 11. Nd1 Nf5 12. c3 Qb6 13. a3 a5 14. Be3 b4 15. axb4 axb4
16. Rxa8+ Bxa8 17. c4 d4 18. Bc1 Be7 19. Nf2 Bc6 20. Ne4 Qb7 21. Nfg5 Qc7 22.
Nxf7 Kxf7 23. Ng5+ Bxg5 24. Bxc6 Qxc6 25. fxg5 Kg7 26. h4 Qc7 27. Bf4 Rf8 28.
Qe2 Ne3 29. Rf3 Ng4 30. Qe4 Rb8 31. Rf1 Qb7 32. Qe2 Ra8 33. Bc1 Rf8 34. Rf6
Ndxf6 35. exf6+ Kf7 36. Bf4 Ra8 37. Qe4 Ra1+ 38. Kg2 Qxe4+ 39. dxe4 e5 0-1

[Event "SVM_Verbandsliga_Nord_2023-24"]
[Site "?"]
[Date "2024.02.04"]
[Round "6.4"]
[White "Simon, Martin"]
[Black "Huppertz, Christoph"]
[Result "0-1"]
[WhiteElo "1886"]
[BlackElo "1887"]
[PlyCount "78"]
[EventDate "2024.02.04"]
[SourceDate "2024.02.04"]
[WhiteTeam "Lasker Köln 3"]
[BlackTeam "Schachuzipus 1"]

1. d4 Nf6 2. Nf3 b6 3. g3 Bb7 4. Bg2 e6 5. O-O c5 6. c4 cxd4 7. Nxd4 Bxg2 8.
Kxg2 a6 9. Nc3 Qc7 10. Qd3 Be7 11. e4 d6 12. h3 O-O 13. Be3 Nbd7 14. b3 Rfc8
15. Rac1 Qb7 16. f3 d5 {(=)} 17. cxd5 exd5 18. Nf5 Ba3 19. Nxd5 Bxc1 20. Nde7+
Kh8 21. Nd6 Ne5 22. Nxb7 Nxd3 23. Nd6 Rf8 24. Bxc1 Nxc1 25. Rxc1 Rad8 26. e5 {
(=)} Ne8 27. Rd1 Nxd6 28. exd6 Rd7 29. Nc6 f6 30. f4 Rc8 31. Ne7 Rcd8 32. Kf3
Rxd6 33. Rc1 g6 34. f5 R6d7 35. Re1 Kg7 36. fxg6 hxg6 37. Nc6 Rc8 38. Re7+ Rxe7
39. Nxe7 Rc2 0-1

[Event "SVM_Verbandsliga_Nord_2023-24"]
[Site "?"]
[Date "2024.02.04"]
[Round "6.5"]
[White "Schmerwitz, Reinhard"]
[Black "Kröger, Sven"]
[Result "1/2-1/2"]
[WhiteElo "1694"]
[BlackElo "1601"]
[PlyCount "33"]
[EventDate "2024.02.04"]
[SourceDate "2024.02.04"]
[WhiteTeam "Schachuzipus 1"]
[BlackTeam "Lasker Köln 3"]

1. e4 d6 2. d4 Nd7 3. c4 e5 4. Nf3 Be7 5. Nc3 Ngf6 6. Be2 O-O 7. O-O c6 8. h3
Re8 9. Qc2 Bf8 10. Bg5 Qc7 11. Rfd1 a6 12. Rac1 h6 13. Bh4 Be7 14. Bg3 Bf8 15.
Bh4 Be7 16. Bg3 Bf8 17. Bh4 1/2-1/2

[Event "SVM_Verbandsliga_Nord_2023-24"]
[Site "?"]
[Date "2024.02.04"]
[Round "6.6"]
[White "Janknecht, Eckart"]
[Black "Beckschwarte, Günter"]
[Result "1-0"]
[WhiteElo "1808"]
[BlackElo "1780"]
[PlyCount "63"]
[EventDate "2024.02.04"]
[SourceDate "2024.02.04"]
[WhiteTeam "Lasker Köln 3"]
[BlackTeam "Schachuzipus 1"]

1. e4 e6 2. d4 d5 3. Nc3 Bb4 4. e5 c5 5. Bd2 cxd4 6. Nb5 Bxd2+ 7. Qxd2 Nh6 8.
Nd6+ Kf8 9. Nf3 Nc6 10. Bb5 Nxe5 11. Nxe5 Qxd6 12. f4 a6 13. Bd3 Bd7 14. O-O
Bb5 15. Bxb5 axb5 16. Qxd4 Nf5 17. Qf2 f6 18. g4 Ne7 19. a3 Ke8 20. Nd3 Rc8 21.
Rae1 Kd7 22. Re2 Ng6 23. f5 e5 24. fxg6 hxg6 25. Qg3 Rc4 26. b3 Rc3 27. Qg2 e4
28. Nf4 g5 29. Nxd5 Qxd5 30. Rd2 Rc5 31. Rxd5+ Rxd5 32. Qxe4 1-0

[Event "SVM_Verbandsliga_Nord_2023-24"]
[Site "?"]
[Date "2024.02.04"]
[Round "6.7"]
[White "Rohleder, Traugott"]
[Black "Nogaj, Georg"]
[Result "0-1"]
[WhiteElo "1678"]
[BlackElo "1682"]
[PlyCount "115"]
[EventDate "2024.02.04"]
[SourceDate "2024.02.04"]
[WhiteTeam "Schachuzipus 1"]
[BlackTeam "Lasker Köln 3"]

1. c4 e5 2. Nc3 Nf6 3. Nf3 Nc6 4. g3 d5 5. cxd5 Nxd5 6. Qa4 Nxc3 7. bxc3 Bd7 8.
Qc2 f5 9. d3 Be7 10. Bg2 Rb8 11. Qb3 Bf6 12. O-O Qe7 13. Ba3 Qf7 14. Nd2 Ne7
15. Rab1 c6 16. Qxf7+ Kxf7 17. Bd6 Ra8 18. Rxb7 Ke6 19. Bxe7 Bxe7 20. e4 g6 21.
d4 Bc8 22. d5+ cxd5 23. exd5+ Kf6 24. Rxe7 Kxe7 25. d6+ Kxd6 26. Bxa8 Ba6 27.
Bg2 Bxf1 28. Bxf1 Rc8 29. c4 Kc5 30. Nb3+ Kb4 31. c5 a5 32. Nxa5 Kxa5 33. Bc4
Rxc5 34. Bg8 h6 35. Bh7 Rc6 36. Kg2 Rf6 37. Kf3 g5 38. Ke2 Rf8 39. f4 exf4 40.
gxf4 Re8+ 41. Kf3 g4+ 42. Kf2 Rf8 43. Ke3 h5 44. h3 h4 45. hxg4 h3 46. Kf3 h2
47. Kg2 h1=Q+ 48. Kxh1 Rh8 49. Kg2 Rxh7 50. gxf5 Kb5 51. Kf3 Kc5 52. Kg4 Rg7+
53. Kf3 Kd4 54. a4 Kd5 55. a5 Ra7 56. Kg4 Rxa5 57. Kg5 Ke4 58. Kg6 0-1

[Event "SVM_Verbandsliga_Nord_2023-24"]
[Site "?"]
[Date "2024.02.04"]
[Round "6.8"]
[White "Will, Hans Joachim"]
[Black "Hecht, Ernst"]
[Result "0-1"]
[WhiteElo "1598"]
[BlackElo "1663"]
[PlyCount "66"]
[EventDate "2024.02.04"]
[SourceDate "2024.02.04"]
[WhiteTeam "Lasker Köln 3"]
[BlackTeam "Schachuzipus 1"]

1. e4 d5 2. exd5 Qxd5 3. Nc3 Qa5 4. Nf3 Bg4 5. Be2 Nf6 6. d3 e6 7. Bd2 c6 8.
O-O Nbd7 9. a3 Qc7 10. b4 Be7 11. Re1 O-O 12. Ng5 Bf5 13. Nge4 Nd5 14. Nxd5
cxd5 15. Ng3 Bg6 16. Rc1 Bf6 17. c3 Rfc8 18. Qb3 Qd6 19. Red1 Rc7 20. c4 d4 21.
c5 Qe7 22. Ne4 Bxe4 23. dxe4 a6 24. a4 Rac8 {(=)} 25. f4 e5 26. f5 Bg5 27. Qg3
Bxd2 28. Rxd2 a5 29. Bb5 Nf6 30. Qd3 axb4 31. Rb1 Rxc5 32. Kf2 Rc3 33. Qe2 Re3
0-1

[Event "SVM_Verbandsliga_Nord_2023-24"]
[Site "?"]
[Date "2024.02.04"]
[Round "6.1"]
[White "Cordts, Ingo"]
[Black "Bausch, Thomas"]
[Result "1/2-1/2"]
[WhiteElo "2182"]
[BlackElo "2071"]
[PlyCount "52"]
[EventDate "2024.02.04"]
[SourceDate "2024.02.04"]
[WhiteTeam "Ford SF Köln 1"]
[BlackTeam "Pulheimer SC 1"]

1. d4 d5 2. c4 e6 3. Nc3 Nf6 4. cxd5 exd5 5. Bg5 c6 6. e3 Bf5 7. Qf3 Bg6 8.
Bxf6 Qxf6 9. Qxf6 gxf6 10. Nf3 Bd6 11. Nh4 Nd7 12. Ne2 Bb4+ 13. Kd1 O-O-O 14.
Ng3 Rde8 15. Ngf5 Kb8 16. Bd3 Nb6 17. Rc1 Nc8 18. Ke2 Nd6 19. f3 Nxf5 20. Bxf5
Re7 21. Rhd1 Rhe8 {(=)} 22. Rd3 Bd6 23. g3 Rc7 24. Rdc3 Bb4 25. Rb3 Bf8 26.
Rbc3 Bb4 {(=)} 1/2-1/2

[Event "SVM_Verbandsliga_Nord_2023-24"]
[Site "?"]
[Date "2024.02.04"]
[Round "6.2"]
[White "Laschewski, Andreas"]
[Black "Reichelt, Frank"]
[Result "1/2-1/2"]
[WhiteElo "1910"]
[BlackElo "1964"]
[PlyCount "57"]
[EventDate "2024.02.04"]
[SourceDate "2024.02.04"]
[WhiteTeam "Pulheimer SC 1"]
[BlackTeam "Ford SF Köln 1"]

1. d4 Nf6 2. Nf3 g6 3. Nc3 Bg7 4. e4 d6 5. h3 O-O 6. Be3 c6 7. a4 Qc7 8. Be2
Nbd7 9. O-O e5 10. dxe5 dxe5 11. Qd2 b6 12. Rfd1 Bb7 13. Bh6 Nc5 14. Bxg7 Kxg7
15. Qe3 a5 16. Rd2 Rfd8 17. Rad1 Rxd2 18. Rxd2 Re8 19. Bc4 h6 20. b3 Re7 21. g3
Rd7 22. Rxd7 Nfxd7 23. Nh2 Nf6 24. Nf3 Qd6 25. Kg2 Nfd7 26. Nd2 Qc7 27. Nd1 Qd6
28. Be2 Qc7 29. Nb2 {(=)} 1/2-1/2

[Event "SVM_Verbandsliga_Nord_2023-24"]
[Site "?"]
[Date "2024.02.04"]
[Round "6.3"]
[White "Müller, Martin"]
[Black "Nettekoven, Wolfgang"]
[Result "1/2-1/2"]
[WhiteElo "1826"]
[BlackElo "1738"]
[PlyCount "172"]
[EventDate "2024.02.04"]
[SourceDate "2024.02.04"]
[WhiteTeam "Ford SF Köln 1"]
[BlackTeam "Pulheimer SC 1"]

1. c4 d6 2. g3 Nf6 3. Bg2 g6 4. Nc3 e5 5. d3 Bg7 6. Nf3 Nbd7 7. O-O O-O 8. Rb1
Rb8 9. b4 a6 10. a4 b6 11. Qc2 Bb7 12. e3 Re8 13. Bb2 e4 14. dxe4 Nxe4 15. Nd5
Ndf6 16. Rfd1 Nxd5 17. cxd5 Nf6 18. Ne1 Rc8 19. Rbc1 Re7 20. Bh3 Rb8 21. Qb3
Bc8 22. Bxc8 Qxc8 23. Nf3 Qh3 24. Bxf6 Bxf6 25. Nd4 Bxd4 26. Rxd4 Qd7 27. Rdc4
Rc8 28. Qc2 b5 29. Rc6 Qg4 30. Rxa6 Qxb4 31. axb5 Qxb5 32. Rxd6 Ree8 33. Rc6
Qxd5 34. Rxc7 Rxc7 35. Qxc7 Qf3 36. Qc6 Qxc6 {(=)} 37. Rxc6 h5 38. Kg2 Kg7 39.
h3 Ra8 40. Rd6 Ra2 41. g4 hxg4 42. hxg4 Rb2 43. Kg3 Rb1 44. Kf4 Rf1 45. f3 g5+
46. Ke4 Rf2 47. Rd5 f6 48. Rd7+ Kg6 49. Rd1 Kf7 50. Rd5 Rg2 51. Rd7+ Ke6 52.
Ra7 Rg3 53. Rg7 Kd6 {(=)} 54. Ra7 Ke6 55. Ra5 Kd6 56. Rd5+ Ke6 57. Rf5 Rg1 58.
Kd3 Rg2 59. e4 Ra2 60. Ke3 Rb2 61. e5 Rb3+ 62. Ke4 Rb4+ 63. Kd3 fxe5 64. Rxg5
Rf4 65. Ke3 Kf6 66. Rg8 Kf7 67. Ra8 Ke7 68. Ra6 Kf7 69. Rb6 Ke7 70. Ke2 e4 71.
fxe4 Rxe4+ 72. Kf3 Ra4 73. Kg3 Kf7 74. Kh4 Kg7 75. Kh5 Ra5+ 76. g5 Ra7 77. Rg6+
Kh7 78. Rf6 Kg7 79. Rf4 Ra6 80. Re4 Ra7 81. Kg4 Rb7 82. Re5 Rf7 83. Kh5 Rb7 84.
g6 Ra7 85. Kg5 Rb7 86. Re6 Ra7 {(=)} 1/2-1/2

[Event "SVM_Verbandsliga_Nord_2023-24"]
[Site "?"]
[Date "2024.02.04"]
[Round "6.4"]
[White "Strack, Luka"]
[Black "Tomada, Frank"]
[Result "1-0"]
[WhiteElo "1651"]
[BlackElo "1806"]
[PlyCount "63"]
[EventDate "2024.02.04"]
[SourceDate "2024.02.04"]
[WhiteTeam "Pulheimer SC 1"]
[BlackTeam "Ford SF Köln 1"]

1. e4 c5 2. c3 d5 3. exd5 Qxd5 4. d4 cxd4 5. cxd4 e5 6. Nf3 Nc6 7. Nc3 Bb4 8.
Bd2 Bxc3 9. Bxc3 exd4 10. Nxd4 Nf6 11. Nb5 Qe4+ 12. Qe2 O-O 13. Nc7 Rb8 14.
Bxf6 Qxe2+ 15. Bxe2 gxf6 16. Rd1 Be6 17. Nxe6 fxe6 18. Bc4 Rfe8 19. Rd6 Kf7 20.
Ke2 Re7 21. Rhd1 Rg8 22. g3 Rg5 23. f4 Rc5 24. b3 h6 25. Kf3 b5 26. Bxb5 Rxb5
27. Rxc6 e5 28. Rdd6 e4+ 29. Ke3 f5 30. Rxh6 Ra5 31. Ra6 Rd5 32. Rh7+ 1-0

[Event "SVM_Verbandsliga_Nord_2023-24"]
[Site "?"]
[Date "2024.02.04"]
[Round "6.5"]
[White "Karim, Mohammed"]
[Black "Kreutz, Daniel"]
[Result "1/2-1/2"]
[WhiteElo "1712"]
[BlackElo "1652"]
[PlyCount "27"]
[EventDate "2024.02.04"]
[SourceDate "2024.02.04"]
[WhiteTeam "Ford SF Köln 1"]
[BlackTeam "Pulheimer SC 1"]

1. e4 c6 2. d4 d5 3. e5 Bf5 4. g4 Bg6 5. f4 e6 6. Nf3 h5 7. g5 Ne7 8. Nh4 Be4
9. Bg2 Bxg2 10. Nxg2 Nf5 11. O-O Qb6 12. c3 Nd7 13. b4 Be7 14. Ne3 {(=)}
1/2-1/2